[Event "Titled Tuesday intern op 21st Dec"]
[Site "Chess.com INT"]
[Date "2021.12.21"]
[Round "7"]
[White "Findlay, Ian T"]
[Black "Punin, Andrii"]
[Result "1/2-1/2"]
[WhiteElo "2156"]
[BlackElo "2289"]
[PlyCount "78"]
[EventDate "2021.12.21"]
[EventType "swiss (blitz)"]
[EventRounds "11"]
[EventCountry "USA"]
[SourceTitle "CBM 205 Extra"]
[Source "ChessBase"]
[SourceDate "2022.01.31"]
[SourceVersion "1"]
[SourceVersionDate "2022.01.31"]
[SourceQuality "1"]

1. e4 c6 2. d4 d5 3. Nc3 dxe4 4. Nxe4 Bf5 5. Ng3 Bg6 6. h4 h6 7. Nf3 e6 8. Ne5 Bh7 9. Bd3 Bxd3 10. Qxd3 Nd7 11. f4 Be7 12. Bd2 Nxe5 13. fxe5 Bxh4 14. O-O-O Bxg3 15. Qxg3 Ne7 16. Qxg7 Rg8 17. Qxh6 Qd5 18. Kb1 O-O-O 19. Bg5 Rg6 20. Qh5 Rd7 21. g4 c5 22. Bxe7 Rxe7 23. dxc5 Qc6 24. Rd6 Qb5 25. Rhd1 Rg8 26. Qh4 Rge8 27. Qf2 Kb8 28. b3 Rc8 29. Qf6 Rec7 30. c4 Qxc5 31. Rd8 b5 32. Rxc8+ Kxc8 33. Qd8+ Kb7 34. Rd7 Qg1+ 35. Kb2 Qf2+ 36. Ka3 Qc5+ 37. Kb2 Qf2+ 38. Ka3 Qc5+ 39. Kb2 Qf2+ 1/2-1/2

[Event "Titled Tuesday intern op 21st Dec"]
[Site "Chess.com INT"]
[Date "2021.12.21"]
[Round "7"]
[White "Florescu, Codrut Constantin"]
[Black "Kekic, Armin"]
[Result "1-0"]
[WhiteElo "2285"]
[BlackElo "2164"]
[PlyCount "87"]
[EventDate "2021.12.21"]
[EventType "swiss (blitz)"]
[EventRounds "11"]
[EventCountry "USA"]
[SourceTitle "CBM 205 Extra"]
[Source "ChessBase"]
[SourceDate "2022.01.31"]
[SourceVersion "1"]
[SourceVersionDate "2022.01.31"]
[SourceQuality "1"]

1. d4 d6 2. e4 e5 3. dxe5 dxe5 4. Qxd8+ Kxd8 5. f4 Nd7 6. Nf3 f6 7. Bc4 Bd6 8. f5 c6 9. g4 h6 10. Nc3 Ne7 11. Be3 Bc5 12. Ke2 Kc7 13. h4 b5 14. Bd3 Bxe3 15. Kxe3 Nb6 16. g5 hxg5 17. hxg5 Bd7 18. g6 a6 19. Rh7 Rxh7 20. gxh7 Rh8 21. Rh1 c5 22. b3 Bc6 23. Nd1 Nd7 24. c4 b4 25. Kf2 Nf8 26. Ne3 Rxh7 27. Rg1 g5 28. fxg6 Nfxg6 29. Nd5+ Bxd5 30. cxd5 Nf4 31. Bf1 Kd6 32. Nd2 Rh2+ 33. Ke3 Nfxd5+ 34. exd5 Nxd5+ 35. Kd3 Nf4+ 36. Kc2 f5 37. Bxa6 e4 38. Rf1 Ke5 39. Kd1 Ng2 40. Nc4+ Kd4 41. Rxf5 Nh4 42. Rf6 Rxa2 43. Nd2 e3 44. Rd6+ 1-0

[Event "Titled Tuesday intern op 21st Dec"]
[Site "Chess.com INT"]
[Date "2021.12.21"]
[Round "7"]
[White "Gelman, Alexander"]
[Black "Iskusnyh, Sergei"]
[Result "1-0"]
[WhiteElo "2403"]
[BlackElo "2473"]
[PlyCount "75"]
[EventDate "2021.12.21"]
[EventType "swiss (blitz)"]
[EventRounds "11"]
[EventCountry "USA"]
[SourceTitle "CBM 205 Extra"]
[Source "ChessBase"]
[SourceDate "2022.01.31"]
[SourceVersion "1"]
[SourceVersionDate "2022.01.31"]
[SourceQuality "1"]

1. d4 d5 2. Nc3 Nf6 3. Bf4 c5 4. e3 cxd4 5. exd4 Bg4 6. f3 Bd7 7. Qd2 Nc6 8. g4 e6 9. h4 Bb4 10. a3 Ba5 11. h5 Rc8 12. g5 Ng8 13. b4 Bb6 14. Nb5 Kf8 15. Ne2 Nge7 16. Nd6 Nf5 17. Nxc8 Bxc8 18. c3 g6 19. Bh3 Kg7 20. Bxf5 exf5 21. h6+ Kf8 22. O-O-O Be6 23. Kb2 Ke7 24. Nc1 Re8 25. Nd3 Kf8 26. Rhe1 Qd7 27. Re2 Rc8 28. Rde1 Nd8 29. Nc5 Qc6 30. Be5 a5 31. Bf6 Bxc5 32. dxc5 b6 33. Bd4 bxc5 34. Bxc5+ Ke8 35. Qd4 axb4 36. cxb4 Ra8 37. Qf6 Qa6 38. Qe7# 1-0

[Event "Titled Tuesday intern op 21st Dec"]
[Site "Chess.com INT"]
[Date "2021.12.21"]
[Round "7"]
[White "Girya, Olga"]
[Black "Duneas, John"]
[Result "1-0"]
[WhiteElo "2416"]
[BlackElo "2071"]
[PlyCount "57"]
[EventDate "2021.12.21"]
[EventType "swiss (blitz)"]
[EventRounds "11"]
[EventCountry "USA"]
[SourceTitle "CBM 205 Extra"]
[Source "ChessBase"]
[SourceDate "2022.01.31"]
[SourceVersion "1"]
[SourceVersionDate "2022.01.31"]
[SourceQuality "1"]

1. e4 e5 2. Nf3 Nc6 3. Nc3 Nf6 4. Bb5 Bc5 5. Nxe5 Nxe5 6. d4 c6 7. dxe5 cxb5 8. exf6 Qxf6 9. O-O a6 10. Nd5 Qd8 11. Qg4 Bd4 12. Bf4 d6 13. Qg3 O-O 14. c3 Be5 15. Bxe5 dxe5 16. Qxe5 Re8 17. Qd4 Be6 18. Rad1 Qa5 19. a3 Rac8 20. h3 Rc4 21. Qd3 Qa4 22. Nb6 Qb3 23. Nxc4 Bxc4 24. Qd7 Rf8 25. Rfe1 Qxb2 26. Qe7 Qxc3 27. Re3 Qb3 28. Rxb3 Bxb3 29. Rd8 1-0

[Event "Titled Tuesday intern op 21st Dec"]
[Site "Chess.com INT"]
[Date "2021.12.21"]
[Round "7"]
[White "Golubenko, Valentina"]
[Black "Aung, Thant Zin"]
[Result "1-0"]
[WhiteElo "2209"]
[BlackElo "2268"]
[PlyCount "63"]
[EventDate "2021.12.21"]
[EventType "swiss (blitz)"]
[EventRounds "11"]
[EventCountry "USA"]
[SourceTitle "CBM 205 Extra"]
[Source "ChessBase"]
[SourceDate "2022.01.31"]
[SourceVersion "1"]
[SourceVersionDate "2022.01.31"]
[SourceQuality "1"]

1. d4 Nf6 2. g3 d5 3. Bg2 e6 4. c4 Be7 5. Nc3 O-O 6. Nf3 c6 7. O-O Nbd7 8. b3 a6 9. Bb2 b5 10. c5 b4 11. Na4 Ne4 12. Nd2 f5 13. f3 Nxd2 14. Qxd2 Nf6 15. Qxb4 a5 16. Qd2 Ba6 17. Rfe1 Kh8 18. Nb6 Ra7 19. Qxa5 Nd7 20. e4 Qc7 21. exd5 cxd5 22. Rxe6 Bf6 23. Qd2 Bb7 24. Nxd7 Qxd7 25. Rb6 Bc6 26. a4 Bd8 27. a5 Bxb6 28. cxb6 Rb7 29. Qb4 Rfb8 30. Rc1 Bb5 31. Qc5 Ba6 32. Bf1 1-0

[Event "Titled Tuesday intern op 21st Dec"]
[Site "Chess.com INT"]
[Date "2021.12.21"]
[Round "7"]
[White "Goryachkina, Aleksandra"]
[Black "Piorun, Kacper"]
[Result "1-0"]
[WhiteElo "2610"]
[BlackElo "2640"]
[PlyCount "77"]
[EventDate "2021.12.21"]
[EventType "swiss (blitz)"]
[EventRounds "11"]
[EventCountry "USA"]
[SourceTitle "CBM 205 Extra"]
[Source "ChessBase"]
[SourceDate "2022.01.31"]
[SourceVersion "1"]
[SourceVersionDate "2022.01.31"]
[SourceQuality "1"]

1. e4 c5 2. Nf3 Nc6 3. Bb5 g6 4. Bxc6 dxc6 5. d3 Nf6 6. h3 Nh5 7. Be3 Bg7 8. Nc3 b6 9. Qd2 Qc7 10. O-O-O e5 11. g4 Nf6 12. Nh4 Nd7 13. f4 exf4 14. Bxf4 Be5 15. Bxe5 Nxe5 16. Rhf1 Be6 17. Nf3 O-O-O 18. Qh2 Nxf3 19. Qxc7+ Kxc7 20. Rxf3 Kd6 21. Rdf1 h5 22. g5 h4 23. Ne2 Rh5 24. Rg1 Rh7 25. Nf4 Re8 26. b3 Bd7 27. Kd2 Re5 28. Ke3 a5 29. c3 Re8 30. d4 cxd4+ 31. cxd4 Ra8 32. Nd3 Be6 33. Nf4 Bd7 34. Rc1 Re8 35. Nd3 Be6 36. Rf6 Rd8 37. Nf4 Rc8 38. d5 Ke5 39. dxe6 1-0

[Event "Titled Tuesday intern op 21st Dec"]
[Site "Chess.com INT"]
[Date "2021.12.21"]
[Round "7"]
[White "Ibrahimli, Murad Sultanali"]
[Black "Plotnikov, Pavel"]
[Result "0-1"]
[WhiteElo "2418"]
[BlackElo "2297"]
[PlyCount "80"]
[EventDate "2021.12.21"]
[EventType "swiss (blitz)"]
[EventRounds "11"]
[EventCountry "USA"]
[SourceTitle "CBM 205 Extra"]
[Source "ChessBase"]
[SourceDate "2022.01.31"]
[SourceVersion "1"]
[SourceVersionDate "2022.01.31"]
[SourceQuality "1"]

1. e4 c5 2. Nf3 e6 3. d4 cxd4 4. Nxd4 Nf6 5. Nc3 Nc6 6. Nxc6 bxc6 7. e5 Nd5 8. Ne4 Qc7 9. f4 Rb8 10. c4 Bb4+ 11. Ke2 O-O 12. g3 f6 13. exf6 Nxf6 14. Bg2 Nxe4 15. Bxe4 d5 16. Bf3 Ba6 17. Kf2 Bxc4 18. b3 Ba6 19. Bb2 Bc5+ 20. Kg2 d4 21. Re1 Rbe8 22. Rc1 Bb6 23. Rxc6 Qd7 24. Rxb6 axb6 25. Qxd4 Qxd4 26. Bxd4 Rd8 27. Be3 Rd3 28. Be4 Rc3 29. Bxb6 Rb8 30. Bd4 Rcc8 31. Be5 Rb4 32. Kh3 Rd8 33. Bc3 Rb5 34. Kg2 Rc5 35. Be5 Rd2+ 36. Kh3 Rf2 37. Bd4 Rh5+ 38. Kg4 Rfxh2 39. Bf3 Rf5 40. Re5 h5# 0-1

[Event "Titled Tuesday intern op 21st Dec"]
[Site "Chess.com INT"]
[Date "2021.12.21"]
[Round "7"]
[White "Jacobson, Brandon"]
[Black "Rakhmanov, Alexander"]
[Result "1-0"]
[WhiteElo "2530"]
[BlackElo "2640"]
[PlyCount "99"]
[EventDate "2021.12.21"]
[EventType "swiss (blitz)"]
[EventRounds "11"]
[EventCountry "USA"]
[SourceTitle "CBM 205 Extra"]
[Source "ChessBase"]
[SourceDate "2022.01.31"]
[SourceVersion "1"]
[SourceVersionDate "2022.01.31"]
[SourceQuality "1"]

1. Nf3 Nf6 2. c4 d6 3. d4 g6 4. Nc3 Bf5 5. Nh4 Bd7 6. Nf3 Bf5 7. Ng5 Bg7 8. e4 Bg4 9. Be2 Bxe2 10. Qxe2 Nc6 11. Nf3 O-O 12. O-O e5 13. dxe5 Nxe5 14. Nd4 Re8 15. Rd1 c6 16. b3 Ned7 17. Qc2 Ng4 18. f3 Qb6 19. Qd2 Ngf6 20. Qf2 d5 21. cxd5 cxd5 22. Be3 Qa5 23. Nxd5 Nxd5 24. exd5 Qxd5 25. Rac1 Nf6 26. Qd2 Qh5 27. Bf2 Nd5 28. Rc5 Bh6 29. Rxd5 Qxd5 30. Qxh6 Rad8 31. h3 f6 32. Qf4 Qf7 33. Rc1 Rd7 34. Kh2 Kg7 35. Qg3 Qd5 36. Rc5 Qxc5 37. Ne6+ Rxe6 38. Bxc5 Re2 39. Bxa7 Rxa2 40. Bc5 Rb2 41. b4 b6 42. Bxb6 Rxb4 43. Bc7 Rb2 44. Bf4 Rc2 45. h4 Kf7 46. h5 Rb7 47. hxg6+ hxg6 48. Qh3 Rbb2 49. Qh7+ Ke6 50. Qxg6 1-0

[Event "Titled Tuesday intern op 21st Dec"]
[Site "Chess.com INT"]
[Date "2021.12.21"]
[Round "7"]
[White "Jain, Naveen"]
[Black "Tzoumbas, Anastasios"]
[Result "1-0"]
[WhiteElo "2032"]
[BlackElo "2287"]
[PlyCount "91"]
[EventDate "2021.12.21"]
[EventType "swiss (blitz)"]
[EventRounds "11"]
[EventCountry "USA"]
[SourceTitle "CBM 205 Extra"]
[Source "ChessBase"]
[SourceDate "2022.01.31"]
[SourceVersion "1"]
[SourceVersionDate "2022.01.31"]
[SourceQuality "1"]

1. c4 e5 2. g3 Nc6 3. Bg2 g6 4. h4 h6 5. Nc3 Bg7 6. d3 Nge7 7. Rb1 a5 8. a3 d6 9. b4 axb4 10. axb4 O-O 11. Bd2 Nd4 12. Nf3 Ne6 13. Qc1 Kh7 14. Nd5 c6 15. Nxe7 Qxe7 16. Bc3 Bd7 17. c5 Ra2 18. cxd6 Qxd6 19. Nd2 Rfa8 20. O-O Nd4 21. Bxd4 exd4 22. Rb2 R2a4 23. Qb1 Be6 24. Ne4 Qe7 25. Nc5 Ra3 26. Nxe6 Qxe6 27. b5 cxb5 28. Bxb7 Rb8 29. Be4 Ra5 30. Rc1 Bf8 31. h5 Rb6 32. hxg6+ fxg6 33. Rc7+ Kh8 34. Qc2 b4 35. Rc8 Qf7 36. Kg2 Rf6 37. f3 Rc5 38. Qxc5 Kg7 39. Qc7 Be7 40. Qb7 h5 41. Rc7 Re6 42. Bd5 Rxe2+ 43. Rxe2 Qxd5 44. Qxd5 Kf6 45. Rexe7 h4 46. Qe5# 1-0

[Event "Titled Tuesday intern op 21st Dec"]
[Site "Chess.com INT"]
[Date "2021.12.21"]
[Round "7"]
[White "Jarocka, Liwia"]
[Black "Hamley, Ryan"]
[Result "0-1"]
[WhiteElo "2006"]
[BlackElo "2077"]
[PlyCount "40"]
[EventDate "2021.12.21"]
[EventType "swiss (blitz)"]
[EventRounds "11"]
[EventCountry "USA"]
[SourceTitle "CBM 205 Extra"]
[Source "ChessBase"]
[SourceDate "2022.01.31"]
[SourceVersion "1"]
[SourceVersionDate "2022.01.31"]
[SourceQuality "1"]

1. d4 d5 2. Nf3 e6 3. g3 Nf6 4. Bg2 Be7 5. O-O O-O 6. c4 dxc4 7. Ne5 Nc6 8. Nxc6 bxc6 9. Bxc6 Rb8 10. Bg2 c5 11. dxc5 Bxc5 12. Nd2 Ba6 13. Qc2 Qc7 14. Kh1 Bd4 15. e3 c3 16. Rd1 cxb2 17. Qxc7 bxa1=Q 18. exd4 Rbc8 19. Nb3 Qxa2 20. Qa5 Qxb3 0-1

[Event "Titled Tuesday intern op 21st Dec"]
[Site "Chess.com INT"]
[Date "2021.12.21"]
[Round "7"]
[White "Kaganskiy, Gleb"]
[Black "Munoz Galvez, Jhon Edison"]
[Result "0-1"]
[WhiteElo "2251"]
[BlackElo "2276"]
[PlyCount "86"]
[EventDate "2021.12.21"]
[EventType "swiss (blitz)"]
[EventRounds "11"]
[EventCountry "USA"]
[SourceTitle "CBM 205 Extra"]
[Source "ChessBase"]
[SourceDate "2022.01.31"]
[SourceVersion "1"]
[SourceVersionDate "2022.01.31"]
[SourceQuality "1"]

1. e4 e5 2. Nf3 Nc6 3. Bc4 Bc5 4. O-O Nf6 5. d4 exd4 6. e5 d5 7. exf6 dxc4 8. fxg7 Rg8 9. Bg5 Qd5 10. Nc3 Qf5 11. Re1+ Be6 12. Ne4 Rxg7 13. Nh4 Qxg5 14. Nxg5 Rxg5 15. Nf3 Rd5 16. Qe2 d3 17. cxd3 cxd3 18. Qe4 O-O-O 19. Qxh7 d2 20. Red1 Ne5 21. Nxe5 Rxe5 22. g3 Re2 23. Rf1 a5 24. a3 Bd4 25. Qh5 Bc4 26. Qxa5 Kb8 27. Rad1 Bb6 28. Qg5 Rd5 29. Qg8+ Ka7 30. Qg4 Rd4 31. Qf3 Re5 32. h4 Bxf1 33. Kxf1 f5 34. h5 f4 35. g4 Rc5 36. h6 Rc1 37. h7 Rxd1+ 38. Qxd1 Rd8 39. g5 f3 40. g6 Bd4 41. Qa4+ Kb8 42. Qxd4 d1=Q+ 43. Qxd1 Rxd1# 0-1

[Event "Titled Tuesday intern op 21st Dec"]
[Site "Chess.com INT"]
[Date "2021.12.21"]
[Round "7"]
[White "Kalashian, David"]
[Black "Corrales Jimenez, Fidel"]
[Result "0-1"]
[WhiteElo "2398"]
[BlackElo "2530"]
[PlyCount "108"]
[EventDate "2021.12.21"]
[EventType "swiss (blitz)"]
[EventRounds "11"]
[EventCountry "USA"]
[SourceTitle "CBM 205 Extra"]
[Source "ChessBase"]
[SourceDate "2022.01.31"]
[SourceVersion "1"]
[SourceVersionDate "2022.01.31"]
[SourceQuality "1"]

1. d4 Nf6 2. c4 g6 3. Nc3 d5 4. Bf4 Bg7 5. e3 O-O 6. Rc1 Be6 7. Nf3 dxc4 8. Ne5 c5 9. Bxc4 Bxc4 10. Nxc4 cxd4 11. exd4 Nd5 12. Be5 Nc6 13. Bxg7 Kxg7 14. O-O Nxc3 15. bxc3 Qd5 16. Qb3 Rac8 17. Ne3 Qxb3 18. axb3 Na5 19. b4 Nc4 20. Rfe1 e6 21. b5 Rfd8 22. Ra1 Nd6 23. d5 exd5 24. Rxa7 Rc5 25. b6 Rd7 26. g3 Ne4 27. Nxd5 Nd2 28. Nc7 Nf3+ 29. Kf1 Nxe1 30. Kxe1 Rxc3 31. Rxb7 Kh6 32. Rb8 Rb3 33. Kf1 Rb2 34. Kg2 Rdd2 35. Kf3 Rxf2+ 36. Ke4 Rf6 37. Nd5 Rd6 38. Kd4 Rd2+ 39. Kc5 R6xd5+ 40. Kc4 Rd7 41. Kc5 Rc2+ 42. Kb5 Rxh2 43. Kc6 Rdd2 44. b7 Rc2+ 45. Kd7 Rb2 46. Kc7 Rhc2+ 47. Kd7 Rd2+ 48. Kc7 Rd3 49. Kc6 Rc3+ 50. Kd6 Rcb3 51. Kc7 Rxb7+ 52. Rxb7 Rxb7+ 53. Kxb7 Kg5 54. Kc6 Kg4 0-1

[Event "Titled Tuesday intern op 21st Dec"]
[Site "Chess.com INT"]
[Date "2021.12.21"]
[Round "7"]
[White "Kejzar, Petra"]
[Black "Rodrigues Mota, Romulo Cardoso S"]
[Result "1-0"]
[WhiteElo "2072"]
[BlackElo "2027"]
[PlyCount "35"]
[EventDate "2021.12.21"]
[EventType "swiss (blitz)"]
[EventRounds "11"]
[EventCountry "USA"]
[SourceTitle "CBM 205 Extra"]
[Source "ChessBase"]
[SourceDate "2022.01.31"]
[SourceVersion "1"]
[SourceVersionDate "2022.01.31"]
[SourceQuality "1"]

1. e4 c5 2. Nf3 g6 3. d4 cxd4 4. Qxd4 Nf6 5. e5 Nc6 6. Qd3 Ng4 7. Bf4 Bg7 8. Qe4 Ngxe5 9. Nxe5 Qa5+ 10. b4 Nxb4 11. Nd2 Bxe5 12. Bxe5 Nxc2+ 13. Kd1 Nxa1 14. Bxh8 Qxa2 15. Bc4 Qa4+ 16. Ke2 b5 17. Rxa1 Qb4 18. Bxf7+ 1-0

[Event "Titled Tuesday intern op 21st Dec"]
[Site "Chess.com INT"]
[Date "2021.12.21"]
[Round "7"]
[White "Koellner, Ruben Gideon"]
[Black "Tahbaz, Arash"]
[Result "0-1"]
[WhiteElo "2428"]
[BlackElo "2468"]
[PlyCount "82"]
[EventDate "2021.12.21"]
[EventType "swiss (blitz)"]
[EventRounds "11"]
[EventCountry "USA"]
[SourceTitle "CBM 205 Extra"]
[Source "ChessBase"]
[SourceDate "2022.01.31"]
[SourceVersion "1"]
[SourceVersionDate "2022.01.31"]
[SourceQuality "1"]

1. d4 Nf6 2. Bg5 Ne4 3. Bf4 g6 4. f3 Nf6 5. e4 d6 6. Nc3 Bg7 7. Qd2 h5 8. O-O-O Nc6 9. Kb1 a6 10. Bc4 b5 11. Bb3 Na5 12. h4 Nxb3 13. cxb3 Nd7 14. Nh3 c5 15. dxc5 Nxc5 16. Ng5 Ne6 17. Be3 Nxg5 18. hxg5 Be6 19. Nd5 Rc8 20. Rc1 Bxd5 21. Qxd5 O-O 22. Qb7 Rb8 23. Qc7 Qe8 24. Qa7 Qd8 25. Rc7 d5 26. Rd7 Qe8 27. Rxd5 e6 28. Rd7 Ra8 29. Qb7 Rb8 30. Qa7 Ra8 31. Qc7 Be5 32. Qxe5 Qxd7 33. Bd4 f6 34. gxf6 Kf7 35. Rxh5 Rh8 36. Rxh8 Rxh8 37. a3 Rh5 38. f4 Rxe5 39. Bxe5 Qd3+ 40. Ka2 Qxe4 41. g4 g5 0-1

[Event "Titled Tuesday intern op 21st Dec"]
[Site "Chess.com INT"]
[Date "2021.12.21"]
[Round "7"]
[White "Kravtsiv, Martyn"]
[Black "Sadhwani, Raunak"]
[Result "0-1"]
[WhiteElo "2604"]
[BlackElo "2616"]
[PlyCount "56"]
[EventDate "2021.12.21"]
[EventType "swiss (blitz)"]
[EventRounds "11"]
[EventCountry "USA"]
[SourceTitle "CBM 205 Extra"]
[Source "ChessBase"]
[SourceDate "2022.01.31"]
[SourceVersion "1"]
[SourceVersionDate "2022.01.31"]
[SourceQuality "1"]

1. e4 g6 2. d4 Bg7 3. Nc3 d6 4. Bf4 a6 5. Qd2 b5 6. O-O-O Bb7 7. Nf3 b4 8. Nd5 a5 9. Bc4 e6 10. Ne3 Nf6 11. e5 Ne4 12. Qe2 d5 13. Bb5+ Nd7 14. h4 a4 15. Ng5 a3 16. Nxe4 axb2+ 17. Kxb2 dxe4 18. Bg5 Qc8 19. Ng4 c6 20. Bc4 h6 21. Bf6 Bxf6 22. Nxf6+ Nxf6 23. exf6 c5 24. Bb5+ Kf8 25. d5 exd5 26. Qe3 Qc7 27. f3 d4 28. Qb3 Ra3 0-1

[Event "Titled Tuesday intern op 21st Dec"]
[Site "Chess.com INT"]
[Date "2021.12.21"]
[Round "7"]
[White "Kucuksari, Kaan"]
[Black "Siniauski, Artsiom"]
[Result "1-0"]
[WhiteElo "2337"]
[BlackElo "2301"]
[PlyCount "125"]
[EventDate "2021.12.21"]
[EventType "swiss (blitz)"]
[EventRounds "11"]
[EventCountry "USA"]
[SourceTitle "CBM 205 Extra"]
[Source "ChessBase"]
[SourceDate "2022.01.31"]
[SourceVersion "1"]
[SourceVersionDate "2022.01.31"]
[SourceQuality "1"]

1. d4 Nf6 2. c4 e6 3. g3 Bb4+ 4. Bd2 Be7 5. Nf3 d5 6. Bg2 O-O 7. O-O c6 8. Qc2 b6 9. Bf4 Bb7 10. Rd1 Na6 11. Nbd2 Rc8 12. Rac1 c5 13. Qa4 Qe8 14. Qb3 cxd4 15. Nxd4 Nc5 16. Qe3 Ng4 17. Qf3 f5 18. Nxe6 Nxe6 19. cxd5 Rxc1 20. Rxc1 Nd4 21. Qd3 Bc5 22. e3 Nb5 23. a4 g5 24. Bxg5 Nd6 25. Bf4 Qe7 26. Nb3 Ne4 27. Bxe4 fxe4 28. Qe2 Nf6 29. Nxc5 bxc5 30. d6 Qd7 31. Rxc5 Rc8 32. Qc4+ Kg7 33. Rg5+ Kf8 34. Rc5 Ba6 35. Qc3 Rxc5 36. Qxc5 Qxa4 37. d7+ Kf7 38. d8=N+ Ke8 39. Qe5+ Kxd8 40. Qxf6+ Kc8 41. Qe6+ Kb7 42. Qe7+ Kb6 43. Qc7+ Kb5 44. Qd7+ Ka5 45. Qxa4+ Kxa4 46. Bb8 Be2 47. Bxa7 Kb3 48. Bd4 Bf3 49. h3 h5 50. Kf1 Kc2 51. b4 Kd2 52. b5 Be2+ 53. Kg2 Bxb5 54. g4 hxg4 55. hxg4 Bd7 56. Kg3 Ke2 57. g5 Bf5 58. Kf4 Bh7 59. Ke5 Kxf2 60. Kf6 Kf3 61. g6 Bg8 62. Kg7 Bd5 63. Kh8 1-0

[Event "Titled Tuesday intern op 21st Dec"]
[Site "Chess.com INT"]
[Date "2021.12.21"]
[Round "7"]
[White "Lakshmi, Chidambaram"]
[Black "Loy, Konstantin"]
[Result "1-0"]
[WhiteElo "2058"]
[BlackElo "2268"]
[PlyCount "115"]
[EventDate "2021.12.21"]
[EventType "swiss (blitz)"]
[EventRounds "11"]
[EventCountry "USA"]
[SourceTitle "CBM 205 Extra"]
[Source "ChessBase"]
[SourceDate "2022.01.31"]
[SourceVersion "1"]
[SourceVersionDate "2022.01.31"]
[SourceQuality "1"]

1. e4 c5 2. f4 d5 3. exd5 Nf6 4. c4 e6 5. dxe6 Bxe6 6. d3 Nc6 7. Nf3 Bd6 8. Be2 O-O 9. O-O Qd7 10. Nc3 Rad8 11. Ne4 Be7 12. Qe1 Nxe4 13. dxe4 Nd4 14. Ne5 Nxe2+ 15. Qxe2 Qd4+ 16. Kh1 f6 17. Nf3 Qxc4 18. Qe1 Rfe8 19. Bd2 b5 20. b3 Qd3 21. Ba5 Rd7 22. f5 Bf7 23. e5 Qxf5 24. Nd4 Qxe5 25. Qxe5 fxe5 26. Nxb5 Bf6 27. Rad1 Rxd1 28. Rxd1 c4 29. Nd6 Rf8 30. bxc4 Be7 31. c5 Be6 32. a3 Bc8 33. Bb4 Bxd6 34. cxd6 Bd7 35. Re1 Re8 36. h3 Kf7 37. Kh2 Ke6 38. Kg3 Kd5 39. Rd1+ Kc4 40. Rc1+ Kd5 41. Rc7 Ke6 42. Rxa7 Rc8 43. Rc7 h6 44. Rxc8 Bxc8 45. Kf3 Bb7+ 46. Kf2 g5 47. g3 Bc6 48. h4 gxh4 49. gxh4 h5 50. Ke3 Ba4 51. Ke4 Bc6+ 52. Ke3 Kd7 53. Bc5 Ke6 54. Kd3 Kd7 55. Kc4 e4 56. Kd4 Ke6 57. Ke3 Kd7 58. Kf4 1-0

[Event "Titled Tuesday intern op 21st Dec"]
[Site "Chess.com INT"]
[Date "2021.12.21"]
[Round "7"]
[White "Lauridsen, Jesper Morck"]
[Black "Idrisov, Ildar F"]
[Result "0-1"]
[WhiteElo "2215"]
[BlackElo "2282"]
[PlyCount "94"]
[EventDate "2021.12.21"]
[EventType "swiss (blitz)"]
[EventRounds "11"]
[EventCountry "USA"]
[SourceTitle "CBM 205 Extra"]
[Source "ChessBase"]
[SourceDate "2022.01.31"]
[SourceVersion "1"]
[SourceVersionDate "2022.01.31"]
[SourceQuality "1"]

1. e4 d5 2. d4 dxe4 3. Nc3 Nf6 4. f3 e3 5. Bxe3 g6 6. f4 Bg7 7. Nf3 O-O 8. Bd3 Nd5 9. Nxd5 Qxd5 10. O-O Nc6 11. c3 Bf5 12. Bxf5 Qxf5 13. Ne5 Qe4 14. Qf3 Qxf3 15. Rxf3 Nxe5 16. fxe5 f6 17. exf6 exf6 18. Bf4 c6 19. Re1 Rfe8 20. Rfe3 Rxe3 21. Rxe3 Kf7 22. Bd6 Bf8 23. Bxf8 Rxf8 24. g4 Rd8 25. Kf2 Rd5 26. Kf3 h5 27. h3 c5 28. dxc5 Rxc5 29. Re4 h4 30. a4 a5 31. Rd4 Ke6 32. Rd8 b5 33. axb5 Rxb5 34. Rd2 a4 35. Rd4 Rxb2 36. Rxa4 Rh2 37. Ra6+ Kf7 38. Ra7+ Kg8 39. g5 fxg5 40. c4 Rxh3+ 41. Ke4 Rc3 42. Kd4 Rc1 43. c5 h3 44. Ra2 g4 45. Ke4 g3 46. Kf3 g2 47. Kf2 g1=Q+ 0-1

[Event "Titled Tuesday intern op 21st Dec"]
[Site "Chess.com INT"]
[Date "2021.12.21"]
[Round "7"]
[White "Mamedyarov, Shakhriyar"]
[Black "Savchenko, Boris"]
[Result "1-0"]
[WhiteElo "2767"]
[BlackElo "2535"]
[PlyCount "51"]
[EventDate "2021.12.21"]
[EventType "swiss (blitz)"]
[EventRounds "11"]
[EventCountry "USA"]
[SourceTitle "CBM 205 Extra"]
[Source "ChessBase"]
[SourceDate "2022.01.31"]
[SourceVersion "1"]
[SourceVersionDate "2022.01.31"]
[SourceQuality "1"]

1. e4 c5 2. Nf3 d6 3. d4 cxd4 4. Nxd4 Nf6 5. Nc3 a6 6. Bg5 Nbd7 7. Qe2 h6 8. Bh4 g6 9. f4 e5 10. fxe5 dxe5 11. O-O-O Qc7 12. Nf3 b5 13. Rxd7 Nxd7 14. Nd5 Qd6 15. g4 Bb7 16. Bg2 h5 17. Rd1 Bxd5 18. Rxd5 Qc7 19. Bh3 Bg7 20. gxh5 Nb6 21. hxg6 Nxd5 22. exd5 fxg6 23. Qe4 Qf7 24. Nxe5 Rxh4 25. Bd7+ Kd8 26. Nxf7+ 1-0

[Event "Titled Tuesday intern op 21st Dec"]
[Site "Chess.com INT"]
[Date "2021.12.21"]
[Round "7"]
[White "Manukian, Artak"]
[Black "Van den Dikkenberg, Erik"]
[Result "1/2-1/2"]
[WhiteElo "2196"]
[BlackElo "2158"]
[PlyCount "140"]
[EventDate "2021.12.21"]
[EventType "swiss (blitz)"]
[EventRounds "11"]
[EventCountry "USA"]
[SourceTitle "CBM 205 Extra"]
[Source "ChessBase"]
[SourceDate "2022.01.31"]
[SourceVersion "1"]
[SourceVersionDate "2022.01.31"]
[SourceQuality "1"]

1. e4 c5 2. Nf3 d6 3. Bb5+ Bd7 4. Bxd7+ Qxd7 5. c4 g6 6. d4 cxd4 7. Nxd4 Bg7 8. Nc3 Nf6 9. f3 O-O 10. b3 a6 11. a4 Nc6 12. Be3 Rac8 13. O-O Qd8 14. Qd2 Re8 15. Rfd1 Qa5 16. Rac1 Qb4 17. Rb1 Nxd4 18. Bxd4 e5 19. Be3 Rc6 20. Nd5 Nxd5 21. Qxd5 Re6 22. Qd2 Qxd2 23. Rxd2 Bf8 24. a5 Re8 25. Kf2 Rec8 26. Ke2 Be7 27. Bb6 f5 28. Kd3 Kf7 29. g4 Ke6 30. Rg1 fxe4+ 31. fxe4 Bg5 32. Rf2 Bf4 33. h4 Rxb6 34. axb6 Rc6 35. Kc2 Be3 36. Rgf1 Bxf2 37. Rxf2 Rxb6 38. Rf8 a5 39. Rh8 h5 40. gxh5 gxh5 41. Rh6+ Kd7 42. Rxh5 a4 43. bxa4 Rb4 44. Kc3 Rxa4 45. Kb3 Ra1 46. c5 Rd1 47. Rh7+ Kc6 48. cxd6 Rxd6 49. Re7 Rd3+ 50. Kc2 Rh3 51. Rxe5 Rxh4 52. Kd3 b5 53. Re8 Kc5 54. Rc8+ Kb4 55. e5 Kb3 56. e6 Rh7 57. Ke4 b4 58. Kd5 Kb2 59. Kd6 b3 60. e7 Rxe7 61. Kxe7 Ka2 62. Ra8+ Kb1 63. Kd6 b2 64. Kd5 Kc1 65. Rc8+ Kd2 66. Rb8 Kc1 67. Rc8+ Kd2 68. Rb8 Kc1 69. Kc4 b1=Q 70. Rxb1+ Kxb1 1/2-1/2